000 00626nam a2200205 a 4500
005 20240924070649.0
008 141020s2009 mx r 000 0 spa d
020 _a9788476589076
035 _aUPN01000200277
049 _aCG
050 4 _aD16.8
_bO5.3
100 1 _aOncina Coves, Faustino,
_d1960-
_936306
245 1 0 _aHistoria conceptual, ilustración y modernidad /
_cFaustino Oncina Coves.
260 _aMéxico :
_bUAM-Cuajimalpa :
_bAnthropos,
_c2009.
300 _a254 p.
440 0 _aAutores, textos y temas.
_pFilosofía ;
_v74
650 4 _aHistoria
_xFilosofía
_96938
905 _aLibro
999 _c172378
_d172378